000 00671cam a22002413a 4500
001 22767
003 PGUSA
005 20140828083502.0
008 070926s2007||||xxu|||||s|||||000 1 eng d
040 _aPGUSA
_beng
042 _adc
050 4 _aPS
100 1 _aJanifer, Laurence M.,
_d1933-2002
245 1 0 _aPagan Passions
_h[electronic resource] /
_cLaurence M. Janifer
260 _bProject Gutenberg,
_c2007
506 _aPublic domain in the USA.
516 _aElectronic text
653 _aScience fiction
700 1 _aStanley, Robert,
_d1918-1996
830 0 _aProject Gutenberg
_v22767
856 4 0 _uhttp://www.gutenberg.org/ebooks/22767
942 _cEB
999 _c252022
_d252022